Представление документа в формате MARC21

ПолеНазваниеЗначение
  Тип записи a
  Библиографический уровень m
001 Контрольный номер RU/URAIT/541050
003 Принадлежность контрольного номера https://urait.ru/bcode/541050
005 Дата корректировки 20240827112718.7
008 Кодируемые данные
020 Индекс ISBN __
a ISBN 978-5-534-07966-1
c Цена, тираж 869.00
040 Источник каталогиз. __
a Служба первич. каталог. ИКО Юрайт
b Код языка каталог. rus
c Служба, преобразующая запись ИКО Юрайт
041 Код языка издания 0_
a Код языка текста rus
044 Код страны публикации __
a Код страны публикации RU
073 _1
a 9785534079661
d 869.00
080 Индекс УДК __
a Индекс УДК 821(075.8)
084 Индекс другой классификации/Индекс ББК __
a Индекс другой классификации/Индекс ББК 83я73
2 Источник индекса rubbk
091 Индексы/ коды __
a Индекс ББК (DOS) 83я73
z rubbk
100 Автор 1_
a Автор Тарланов Е. З.
q Полное имя Евгений Замирович
230 __
a Электрон. дан.
245 Заглавие 00
a Заглавие Основы теории литературы: анализ поэтического текста
b Продолж. заглавия учебник и практикум
c Ответственность Е. З. Тарланов.
250 Сведения об издании __
a Основные сведения об издании 2-е изд.
b Дополнительные сведения об издании пер. и доп
260 Выходные данные 1_
a Место издания Москва
b Издательство Юрайт
c Дата издания 2024
300 Физическое описание __
a Объем 237 с
440 Серия _0
a Серия Высшее образование
500 Примечания __
a Примечание URL: https://urait.ru/bcode/541050 (дата обращения: 27.08.2024).
520 Аннотация __
a Аннотация В издании систематически излагаются теоретические аспекты и методы анализа поэтического текста, выделяются важнейшие категории и составляющие стихотворного произведения как системно организованного законченного целого, связанного вместе с тем с соответствующим историко-литературным направлением и культурно-историческим фоном. Представлены схема и образцы полного анализа стихотворного текста, система практических занятий для студентов. Аналитические подходы в учебнике иллюстрированы на материале русской, западноевропейской и восточной поэзии.
538 Прим. о системных особенностях __
a Прим. о системных особенностях Режим доступа: Электронно-библиотечная система Юрайт, для авториз. пользователей
653 Ключевые слова 2_
a Ключевые слова Филология и литературоведение
653 Ключевые слова 2_
a Ключевые слова Языки и литература
653 Ключевые слова 2_
a Ключевые слова Введение в литературоведение и теория литературы
653 Ключевые слова 2_
a Ключевые слова Основы теории литературы
653 Ключевые слова 2_
a Ключевые слова Теория литературы
653 Ключевые слова 2_
a Ключевые слова Введение в литературоведение
653 Ключевые слова 2_
a Ключевые слова Литературоведение
653 Ключевые слова 2_
a Ключевые слова Введение в теорию литературы
653 Ключевые слова 2_
a Ключевые слова Литературоведческий анализ текста
653 Ключевые слова 2_
a Ключевые слова Практический анализ поэтического текста
653 Ключевые слова 2_
a Ключевые слова Основы литературоведения
653 Ключевые слова 2_
a Ключевые слова Анализ поэтического текста
653 Ключевые слова 2_
a Ключевые слова Принципы анализа поэтического текста
653 Ключевые слова 2_
a Ключевые слова Анализ поэтического текста: проектное обучение
653 Ключевые слова 2_
a Ключевые слова Методология анализа поэтического текста
653 Ключевые слова 2_
a Ключевые слова Теория поэтического языка
856 Электронный адрес документа 40
n Местонахождение сервера Юрайт
g Электронная книга
q Тип электронного формата html
h Имя пользователя ЮРАЙТ
v Часы доступа к ресурсу 20251231
2 Способ доступа Показать документ
x Служебное примечание https://urait.ru/book/cover/E0211347-BEE1-4104-B8F6-C57B2FBEFB37
u URL https://urait.ru/bcode/541050
856 Электронный адрес документа 41
q Тип электронного формата cover
u URL https://urait.ru/book/cover/E0211347-BEE1-4104-B8F6-C57B2FBEFB37